Footballeur en O - Statistiques

Statistiques générales
  • Ce quiz a été pris 115 fois
  • Le résultat moyen est 10 sur 20
Statistiques - réponses
Par images Réponse % Correct
Ozil
97%
Olise
91%
Oblak
88%
Ochoa
86%
Olmo
83%
Openda
81%
Ounahi
65%
Owen
59%
Ospina
54%
Overmars
52%
Okocha
43%
Obraniak
40%
Olic
35%
Ounas
34%
Obertan
20%
O'Shea
19%
Odemwingie
16%
Olmeta
15%
Oudin
15%
Oruma
8%
Aucun quiz correspondant
Distribution des résultats
% des personnes avec chaque résultat
Percentile par nombre de réponses
Votre historique - résultats
Vous n’avez pas pris ce quiz